| 000 | 00686nam a2200217Ia 4500 | ||
|---|---|---|---|
| 008 | 131103s9999 xx 000 0 und d | ||
| 020 |
_a8184045654 _cRs.450.00 |
||
| 040 | _aLoreto College | ||
| 041 | _aEnglish | ||
| 082 |
_a005.13(J)/MCF _bLCLIB/47533 |
||
| 100 | _aMcFarland,David Sawyer | ||
| 245 |
_aJavaScript _b The missing manual _cDavid Sawyer McFarland |
||
| 260 |
_aNavi Mumbai _bShroff Publishers and Distributors _c2008 |
||
| 300 |
_axiii,529p _b ill _c 22cm |
||
| 504 | _aIncludes bibliographical references and index | ||
| 630 | _aWeb designing language | ||
| 650 | _aProgramming languages | ||
| 651 | _aJavaScript | ||
| 850 | _aLCLIB/005.13(J)/MCF | ||
| 942 | _cBK | ||
| 999 |
_c36133 _d86612 |
||